|
|
|
|
| LEADER |
00000cam a2200000 7i4500 |
| 001 |
0000000236 |
| 005 |
20000722.0 |
| 020 |
0 |
0 |
|a 0792340388
|
| 090 |
0 |
0 |
|a 574.526420913
|b TRO 1996
|
| 245 |
0 |
0 |
|a TROPICAL rainforest research - current issues :
|b Proceedings of the Conference held in Bandar Seri Bangawan, April 1993
|c edited by D.S. Edwards, W.E. Booth and S.C. Choy
|
| 260 |
0 |
0 |
|a Dordrecht, The Netherlands :
|b Kluwer Academic ,
|c 1996
|
| 300 |
|
|
|a x, 566 p. :
|b ill., maps ;
|c 25 cm.
|
| 440 |
0 |
0 |
|a Monographiae biologicae; v. 74
|
| 500 |
0 |
0 |
|a Includes bibliographical references and index
|
| 650 |
0 |
0 |
|a Biological diversity
|x Tropics
|
| 650 |
0 |
0 |
|a Rain forest conservation
|
| 650 |
0 |
0 |
|a Rain forest ecology
|
| 650 |
0 |
0 |
|a Rain forests
|
| 650 |
0 |
0 |
|a Rain forests
|x Economic aspects
|
| 700 |
0 |
1 |
|a Booth
|h W.E. (Webber E.)
|
| 700 |
0 |
1 |
|a Choy
|h S.C.
|
| 700 |
0 |
1 |
|a Edwards
|h David S.
|
| 999 |
|
|
|a 0000001444
|b Monograph
|c Open Shelf
|e Default branch
|